000 00690nam a2200217Ia 4500
003 OSt
005 20260420112630.0
008 220923b |||||||| |||| 00| 0 eng d
020 _a818878947X
037 _cGeneral Book
040 _aRTL
_cRTL
_beng
041 _2eng
_aeng
084 _aY:49(Q).2, P6
_qRTL
100 _aBaber Zaheer
_9268968
245 0 _aSecularism, communalism and the intellectuals.
260 _aGurgaon
_bThree Essays Collective
_c2006
300 _a 99 p.
_bIncludes bibliographical references and index
650 _aSociology
942 _hY:49(Q).2, P6
_cGB
_2CC
999 _c550443
_d550443